<?xml version="1.0" encoding="UTF-8"?>
<record
    xmlns:xsi="http://www.w3.org/2001/XMLSchema-instance"
    xsi:schemaLocation="http://www.loc.gov/MARC21/slim http://www.loc.gov/standards/marcxml/schema/MARC21slim.xsd"
    xmlns="http://www.loc.gov/MARC21/slim">

  <leader>04752cam a22004694i 4500</leader>
  <controlfield tag="003">PE-LiUPU</controlfield>
  <controlfield tag="005">20250731165418.0</controlfield>
  <controlfield tag="008">151211s2012    pe a   grm    000 0 spa d</controlfield>
  <datafield tag="035" ind1=" " ind2=" ">
    <subfield code="a">(Sirsi) a155495</subfield>
  </datafield>
  <datafield tag="040" ind1=" " ind2=" ">
    <subfield code="a">PE-LiUPU</subfield>
    <subfield code="b">spa</subfield>
    <subfield code="c">PE-LiUPU</subfield>
    <subfield code="e">rda</subfield>
  </datafield>
  <datafield tag="082" ind1="0" ind2="4">
    <subfield code="a">222.13</subfield>
    <subfield code="b">64 T3</subfield>
  </datafield>
  <datafield tag="099" ind1=" " ind2=" ">
    <subfield code="a">TT 3</subfield>
    <subfield code="b">O64  2012</subfield>
  </datafield>
  <datafield tag="100" ind1="1" ind2=" ">
    <subfield code="a">Orellana M&#xE9;ndez, Michael Christian</subfield>
    <subfield code="e">autor</subfield>
  </datafield>
  <datafield tag="245" ind1="1" ind2=" ">
    <subfield code="a">Principios &#xE9;ticos que derivan del jubileo seg&#xFA;n Lev&#xED;tico 25 /</subfield>
    <subfield code="c">Michael Christian Orellana Mendez.</subfield>
  </datafield>
  <datafield tag="264" ind1=" " ind2="0">
    <subfield code="c">2012.</subfield>
  </datafield>
  <datafield tag="300" ind1=" " ind2=" ">
    <subfield code="a">197 hojas : </subfield>
    <subfield code="b">ilustraciones;</subfield>
    <subfield code="c">28 cm</subfield>
  </datafield>
  <datafield tag="336" ind1=" " ind2=" ">
    <subfield code="a">text</subfield>
    <subfield code="2">rdacontent</subfield>
  </datafield>
  <datafield tag="337" ind1=" " ind2=" ">
    <subfield code="a">unmediated</subfield>
    <subfield code="2">rdamedia</subfield>
  </datafield>
  <datafield tag="338" ind1=" " ind2=" ">
    <subfield code="a">volume</subfield>
    <subfield code="2">rdacarrier</subfield>
  </datafield>
  <datafield tag="502" ind1=" " ind2=" ">
    <subfield code="a">Tesis</subfield>
    <subfield code="b">(Mg.) -- </subfield>
    <subfield code="c">Universidad Peruana Uni&#xF3;n,</subfield>
    <subfield code="d">2012.</subfield>
  </datafield>
  <datafield tag="504" ind1=" " ind2=" ">
    <subfield code="a">Incluye referencias</subfield>
  </datafield>
  <datafield tag="520" ind1="3" ind2=" ">
    <subfield code="a">Esta investigaci&#xF3;n es un estudio exeg&#xE9;tico- sistem&#xE1;tico que se basa en tres tipos de an&#xE1;lisis: (1) Es estudio de la relaci&#xF3;n entre el jubileo b&#xED;blico y el contexto legal del ACO; (2) El an&#xE1;lisis literario del c&#xF3;digo legal de Lev&#xED;tico 25; (3) El an&#xE1;lisis de los conceptos tratados por el jubileo. El objetivo de este estudio es conocer los principios &#xE9;ticos que se derivan del jubileo, tal como est&#xE1; presentado en Lev&#xED;tico 25. El estudio m&#xE1;s antiguo acerca del jubileo es el estudio sociol&#xF3;gico del jubileo que realiz&#xF3; Roberth North. Esta investigaci&#xF3;n intent&#xF3; revelar el significado del jubileo en el contexto de la sociedad del ACO. Un aspecto importante a favor de esta tesis fue el esfuerzo por entender el jubileo en su contexto social e hist&#xF3;rico. Sin embargo, su estudio represent&#xF3; s&#xF3;lo uno de los eslabones en la cadena hermen&#xE9;utica: entender el contexto sociol&#xF3;gico del jubileo. Algunos a&#xF1;os despu&#xE9;s, en 1986, George E. McLaughlin public&#xF3; su tesis sobre un estudio teol&#xF3;gico de Lev&#xED;tico 25 con aplicaci&#xF3;n al campo de la &#xE9;tica moderna. El autor agrup&#xF3; los temas teol&#xF3;gicos del jubileo en cuatro secciones que describe muy brevemente: el reino de Dios, la propiedad de Dios, los derechos de la tierra y los derechos humanos. Luego discute los temas teol&#xF3;gicos del jubileo con la filosof&#xED;a ecologista de Aldo Leupold. Finalmente, sugiere diversas ideas intr&#xED;nsecas al jubileo y c&#xF3;mo el cristianismo de hoy las puede aplicar. La tesis explica el significado tipol&#xF3;gico del jubileo como renovaci&#xF3;n de la creaci&#xF3;n. Sin embargo, no analiza el idioma original del cap&#xED;tulo 25 de Lev&#xED;tico y no aclara c&#xF3;mo traducir su contenido a la &#xE9;tica.Esta investigaci&#xF3;n es un estudio exeg&#xE9;tico- sistem&#xE1;tico que se basa en tres tipos de an&#xE1;lisis: (1) Es estudio de la relaci&#xF3;n entre el jubileo b&#xED;blico y el contexto legal del ACO; (2) El an&#xE1;lisis literario del c&#xF3;digo legal de Lev&#xED;tico 25; (3) El an&#xE1;lisis de los conceptos tratados por el jubileo. El objetivo de este estudio es conocer los principios &#xE9;ticos que se derivan del jubileo, tal como est&#xE1; presentado en Lev&#xED;tico 25. El estudio m&#xE1;s antiguo acerca del jubileo es el estudio sociol&#xF3;gico del jubileo que realiz&#xF3; Roberth North. Esta investigaci&#xF3;n intent&#xF3; revelar el significado del jubileo en el contexto de la sociedad del ACO. Un aspecto importante a favor de esta tesis fue el esfuerzo por entender el jubileo en su contexto social e hist&#xF3;rico. Sin embargo, su estudio represent&#xF3; s&#xF3;lo uno de los eslabones en la cadena hermen&#xE9;utica: entender el contexto sociol&#xF3;gico del jubileo. Algunos a&#xF1;os despu&#xE9;s, en 1986, George E. McLaughlin public&#xF3; su tesis sobre un estudio teol&#xF3;gico de Lev&#xED;tico 25 con aplicaci&#xF3;n al campo de la &#xE9;tica moderna. El autor agrup&#xF3; los temas teol&#xF3;gicos del jubileo en cuatro secciones que describe muy brevemente: el reino de Dios, la propiedad de Dios, los derechos de la tierra y los derechos humanos. Luego discute los temas teol&#xF3;gicos del jubileo con la filosof&#xED;a ecologista de Aldo Leupold. Finalmente, sugiere diversas ideas intr&#xED;nsecas al jubileo y c&#xF3;mo el cristianismo de hoy las puede aplicar. La tesis explica el significado tipol&#xF3;gico del jubileo como renovaci&#xF3;n de la creaci&#xF3;n. Sin embargo, no analiza el idioma original del cap&#xED;tulo 25 de Lev&#xED;tico y no aclara c&#xF3;mo traducir su contenido a la &#xE9;tica.</subfield>
  </datafield>
  <datafield tag="526" ind1=" " ind2=" ">
    <subfield code="a">SEG44</subfield>
  </datafield>
  <datafield tag="526" ind1=" " ind2=" ">
    <subfield code="a">SEG26</subfield>
  </datafield>
  <datafield tag="526" ind1=" " ind2=" ">
    <subfield code="a">P151</subfield>
  </datafield>
  <datafield tag="526" ind1=" " ind2=" ">
    <subfield code="a">P150</subfield>
  </datafield>
  <datafield tag="526" ind1=" " ind2=" ">
    <subfield code="a">P149</subfield>
  </datafield>
  <datafield tag="526" ind1=" " ind2=" ">
    <subfield code="a">P146</subfield>
  </datafield>
  <datafield tag="526" ind1=" " ind2=" ">
    <subfield code="a">P145</subfield>
  </datafield>
  <datafield tag="526" ind1=" " ind2=" ">
    <subfield code="a">P126</subfield>
  </datafield>
  <datafield tag="526" ind1=" " ind2=" ">
    <subfield code="a">P125</subfield>
  </datafield>
  <datafield tag="526" ind1=" " ind2=" ">
    <subfield code="a">P92</subfield>
  </datafield>
  <datafield tag="526" ind1=" " ind2=" ">
    <subfield code="a">P75</subfield>
  </datafield>
  <datafield tag="526" ind1=" " ind2=" ">
    <subfield code="a">P74</subfield>
  </datafield>
  <datafield tag="526" ind1=" " ind2=" ">
    <subfield code="a">P27</subfield>
  </datafield>
  <datafield tag="526" ind1=" " ind2=" ">
    <subfield code="a">P15</subfield>
  </datafield>
  <datafield tag="650" ind1="0" ind2="4">
    <subfield code="a">&#xC9;tica en la biblia</subfield>
    <subfield code="v">Tesis.</subfield>
  </datafield>
  <datafield tag="630" ind1="0" ind2="4">
    <subfield code="a">Biblia</subfield>
    <subfield code="p">A.T.</subfield>
    <subfield code="p">Lev&#xED;tico 25</subfield>
    <subfield code="x">Comentarios</subfield>
    <subfield code="v">Tesis.</subfield>
  </datafield>
  <datafield tag="596" ind1=" " ind2=" ">
    <subfield code="a">1</subfield>
  </datafield>
  <datafield tag="942" ind1=" " ind2=" ">
    <subfield code="2">ddc</subfield>
    <subfield code="c">TESIS</subfield>
  </datafield>
  <datafield tag="999" ind1=" " ind2=" ">
    <subfield code="a">TT 3 O64  2012</subfield>
    <subfield code="w">ALPHANUM</subfield>
    <subfield code="c">8173</subfield>
    <subfield code="i">T01307</subfield>
    <subfield code="d">8173</subfield>
    <subfield code="l">CCODEBUL3</subfield>
    <subfield code="m">BUL</subfield>
    <subfield code="q">1</subfield>
    <subfield code="r">1</subfield>
    <subfield code="s">Y</subfield>
    <subfield code="t">TESIS</subfield>
    <subfield code="u">2015-12-11</subfield>
    <subfield code="x">POSGRADO</subfield>
    <subfield code="P">P85</subfield>
    <subfield code="o">.STAFF. Tesis</subfield>
  </datafield>
  <datafield tag="980" ind1=" " ind2=" ">
    <subfield code="8">1</subfield>
    <subfield code="g">ALBERTO SANCHEZ Responsable de Automatizaci&#xF3;n</subfield>
  </datafield>
  <datafield tag="952" ind1=" " ind2=" ">
    <subfield code="r">2018-07-01 00:00:00</subfield>
    <subfield code="l">0</subfield>
    <subfield code="o">TT 3 O64  2012</subfield>
    <subfield code="p">T01307</subfield>
    <subfield code="t">e1</subfield>
    <subfield code="w">2015-12-11</subfield>
    <subfield code="x">PG</subfield>
    <subfield code="y">TESIS</subfield>
    <subfield code="z">Este &#xCD;tem NO se presta por ser Ejemplar #1.</subfield>
    <subfield code="1">0</subfield>
    <subfield code="2">ddc</subfield>
    <subfield code="7">1</subfield>
    <subfield code="8">TESIS</subfield>
    <subfield code="f">P85</subfield>
    <subfield code="a">BUL</subfield>
    <subfield code="b">BUL</subfield>
    <subfield code="c">TESIS</subfield>
    <subfield code="d">2015-12-11</subfield>
  </datafield>
</record>
